000 01027pam a2200301 a 4500
001 1222
005 20250805084734.0
020 _a0064451070 (pbk.) :
_c$4.50 ($5.95 Can.)
040 _aDLC
_cDLC
_dDLC
050 0 0 _aQK740
_b.J67 1992
082 0 0 _a582/.0166
_220
100 1 _aJordan, Helene J.
_q(Helene Jamieson)
245 1 0 _aHow a seed grows /
_cby Helene J. Jordan ; illustrated by Loretta Krupinski.
250 _aRev. ed.
260 _aNew York :
_bHarperTrophy,
_c1992.
300 _a31 pages :
_bcolor illustrations ;
_c21 x 25 cm.
490 0 _aA Let's-read-and-find-out book
505 _aH
520 _aUses observations of bean seeds planted in eggshells to demonstrate the growth of seeds into plants.
521 _a470
_bLexile AD
521 _aH
_bRaz-Plus
650 0 _aGermination
_xJuvenile literature.
650 0 _aSeeds
_xJuvenile literature.
650 1 _aSeeds.
700 1 _aKrupinski, Loretta,
_eillustrator
906 _a7
_bcbc
_corignew
_d1
_eocip
_f19
_gy-gencatlg
942 _2lcc
_cBK
_n0
999 _c1222
_d1222